[Event "Bad Woerishofen op"]
[Site "Bad Woerishofen"]
[Date "2001.??.??"]
[Round "4"]
[White "Schwab, Rolf"]
[Black "Polushkina, Svetlana"]
[Result "0-1"]
[WhiteElo "1800"]
[BlackElo "2160"]
[Annotator "ChessOrg"]
[PlyCount "44"]
[EventDate "1998.03.05"]
[Source "ChessBase"]
[SourceDate "1998.04.29"]

1. g3 {A00: Unregelmaessige Eroeffnungen} 1... d5 2. Bg2 c5 3. f4 {
letzter Buchzug} 3... Nc6 4. c4 Nf6 5. cxd5 Nxd5 6. Nc3 e6 7. Nf3 Be7 8. O-O
O-O 9. Kh1 Rb8 10. e4 Ndb4 11. Ne1 b6 12. a3 Nd3 13. Nxd3 Qxd3 14. e5 (14. Rf3
14... Qd7 $15) 14... Bb7 15. Rf3 Qd7 16. Ne4 $2 (16. Re3 $15 $142) 16... Nxe5
$1 $19 17. Re3 (17. fxe5 Bxe4) 17... Nc4 18. Rc3 Qd4 (18... Nd6 19. Nxd6 Bxg2+
20. Kxg2 Qxd6 21. Qf3 $19) 19. d3 Ne3 20. Bxe3 Qxe3 21. d4 Qxd4 22. Rd3 (22.
Qxd4 cxd4 23. Rc7 23... Bd8 $19) 22... Qc4 (22... Qc4 23. Rc1 23... Qb5 $19) (
22... Qxb2 $5 23. Rb3 Qd4 24. Rd3 $19) 0-1

[Event "Bad Woerishofen op"]
[Site "Bad Woerishofen"]
[Date "2001.??.??"]
[Round "6"]
[White "Schwab, Rolf"]
[Black "Stierle, Martin"]
[Result "1/2-1/2"]
[WhiteElo "1800"]
[BlackElo "1945"]
[Annotator "ChessOrg"]
[PlyCount "82"]
[EventDate "1998.03.05"]
[Source "ChessBase"]
[SourceDate "1998.04.29"]

1. g3 {A81: Hollaendische Verteidigung (Leningrader Variante)} 1... f5 2. d4 g6
3. h4 Nf6 4. Nh3 {letzter Buchzug} 4... d6 5. Bg5 Bg7 6. Nc3 Nc6 7. Bg2 Bd7 8.
d5 Ne5 9. Bxf6 Bxf6 10. e4 c5 11. exf5 Bxf5 12. Ne4 (12. Qe2 $5 $11 $142) 12...
Qa5+ 13. Kf1 Bg7 (13... Qb5+ 14. Kg1 Qxb2 15. Nxf6+ exf6 16. f4 $17) 14. Nf4
Nf7 (14... Qb5+ 15. Kg1 $15) 15. c3 $11 15... Rb8 16. Ne6 Bxe6 17. dxe6 Ne5 18.
h5 Qb5+ 19. Kg1 (19. Qe2 Nd3 20. Rd1 20... c4 $11) 19... Rf8 (19... O-O $5 $11
$142) 20. Qxd6 $5 20... Rd8 (20... exd6 21. Nxd6+) 21. Qxc5 Qxc5 (21... Qxb2 $5
22. Rf1 22... Rf5 $16 (22... Qxa2 $4 23. Qb5+ Nc6 24. Qxb7 Qxe6 25. Ng5 $18))
22. Nxc5 $18 22... Rd2 (22... g5 23. h6 Bh8 24. Ne4 $18) 23. f4 Nc4 24. Nxb7
Rf5 25. hxg6 hxg6 26. Bc6+ (26. Be4 $5 26... Rf6 27. Nc5 27... Rxb2 $18) 26...
Kf8 27. Rh2 Rxh2 28. Kxh2 Nxb2 29. Rc1 g5 30. Rc2 Nc4 31. Be4 Rb5 32. fxg5 (32.
a4 $5 32... Rb2 33. fxg5 Rxc2+ 34. Bxc2 34... Bxc3 $18) 32... Rxg5 $16 33. Rf2+
Kg8 34. Rf5 (34. Rf7 Nd2 35. Bc6 Be5 36. Rxe7 36... Rxg3 $16) 34... Rxf5 $16
35. Bxf5 Bxc3 36. g4 Kg7 37. Kh3 Bf6 (37... Kf6 38. Nc5 Bd4 39. Nd7+ Kg5 40.
Bd3 $14) 38. Nc5 Bg5 39. Nd7 Nd6 40. Kg3 Nb5 41. Kf3 (41. a4 41... Nd4 $16)
41... Nc3 $14 1/2-1/2

[Event "Bad Woerishofen op"]
[Site "Bad Woerishofen"]
[Date "2001.??.??"]
[Round "8"]
[White "Schwab, Rolf"]
[Black "Kaufmann, Guenther"]
[Result "0-1"]
[WhiteElo "1800"]
[BlackElo "1643"]
[Annotator "ChessOrg"]
[PlyCount "60"]
[EventDate "1998.03.05"]
[Source "ChessBase"]
[SourceDate "1998.04.29"]

1. g3 {A00: Unregelmaessige Eroeffnungen} 1... c5 2. Bg2 Nf6 3. e4 {
letzter Buchzug} 3... e5 4. c4 Nc6 5. Nc3 d6 6. Nge2 a6 7. d3 Be7 8. O-O O-O 9.
h3 h6 10. f4 Rb8 11. g4 b5 12. Ng3 Nd4 13. g5 hxg5 14. fxg5 Nh7 15. h4 bxc4 16.
dxc4 Nxg5 17. hxg5 (17. Bxg5 $143 17... Bxg5 18. hxg5 18... Qxg5 $15) 17...
Bxg5 18. Nf5 (18. b3 Bxc1 19. Rxc1 19... Qg5 $16) 18... Bxc1 $14 19. Qxc1 g6
20. Qh6 (20. Nxd4 $5 20... cxd4 21. Nd5 $16) 20... gxf5 $11 (20... Bxf5 21. Nd5
(21. exf5 $143 21... Nxf5 22. Rxf5 22... Rxb2 $18) 21... Bxe4 22. Bxe4 Rxb2 23.
Nf6+ Qxf6 24. Rxf6 Ne2+ 25. Kf2 Nf4+ 26. Kf3 $18) (20... Nxf5 21. exf5 Bxf5 22.
Rxf5 Rxb2 23. Be4 $18) 21. exf5 (21. Rf2 Re8 22. Bh1 Re6 23. Rg2+ Rg6 24. Rxg6+
fxg6 25. exf5 Bb7 26. Qxg6+ 26... Kf8 $18) 21... Nxf5 $14 22. Rxf5 Bxf5 23. Be4
Bxe4 24. Nxe4 f5 25. Qg6+ Kh8 26. Qh6+ Kg8 27. Kh1 Kf7 28. Nxd6+ (28. Rg1 Rg8
29. Nxd6+ Qxd6 30. Qxd6 Rh8+ 31. Kg2 Rxb2+ 32. Kf3 Rh3+ 33. Rg3 e4+ 34. Kf4
Rxg3 35. Kxg3 $18) 28... Ke7 $17 29. Rg1 $2 (29. Rd1 $142 29... Rf6 30. Nxf5+
Rxf5 31. Qh4+ Rf6 32. Qh7+ Ke6 33. Qh3+ Rf5 34. Rxd8 Rxd8 35. Qh6+ Rf6 36. Qh3+
Ke7 37. Qh7+ Kd6 38. b3 $17) 29... Rf6 $19 30. Qg7+ (30. Nxf5+ Ke6 31. Ng7+ Kd7
32. Qh3+ Kc6 33. Nh5 $19) 30... Ke6 (30... Ke6 31. Rg6 Qh8+ 32. Kg1 Qxg7 33.
Rxg7 33... Kxd6 $19) 0-1

[Event "Bad Woerishofen op"]
[Site "?"]
[Date "2001.??.??"]
[Round "1"]
[White "Schwabe, Manfred"]
[Black "Emami, Madjid"]
[Result "0-1"]
[WhiteElo "1675"]
[BlackElo "2140"]
[Annotator "ChessOrg"]
[PlyCount "120"]
[EventDate "2000.??.??"]

1. Nf3 {A27: Englische Eroeffnung (Hollaendische Struktur)} 1... g6 2. c4 Bg7
3. Nc3 e5 4. d4 exd4 5. Nxd4 Nc6 6. Nxc6 bxc6 7. Bd2 {letzter Buchzug} 7... d6
8. Rb1 Ne7 9. Qc2 O-O 10. e4 f5 11. Bd3 Kh8 (11... fxe4 12. Nxe4 d5 13. Ng3 $11
) 12. O-O Qe8 13. Rbe1 Qf7 14. b3 f4 15. f3 g5 16. Ne2 Ng6 17. g4 fxg3 18. Nxg3
(18. hxg3 Ne5 19. f4 gxf4 (19... Nxd3 $143 20. Qxd3 Bh3 21. Rf2 $14) 20. Nxf4
20... Qf6 $11) 18... Nf4 19. Nf5 Bxf5 (19... Nxd3 20. Qxd3 Bxf5 21. exf5 Qxf5
22. Qxf5 Rxf5 23. Re7 $15) 20. exf5 Bd4+ (20... Nxd3 21. Qxd3 Qxf5 22. Qxf5
Rxf5 23. Re7 $15) 21. Be3 (21. Kh1 $5 $11 $142) 21... Qf6 $17 22. Kh1 Bxe3 23.
Rxe3 Rae8 24. Ree1 Qd4 25. Be4 d5 26. cxd5 cxd5 27. Rd1 Qe5 28. Bd3 Nxd3 29.
Qxd3 (29. Rxd3 $5 29... Qxf5 30. Qc3+ Qe5 31. Rfd1 $17) 29... Rxf5 $19 30. Kg2
Qe2+ 31. Kg3 Qxd3 32. Rxd3 c5 33. Rc1 d4 34. b4 cxb4 35. Rxd4 Re3 36. Kg4 Rexf3
37. Rxb4 h6 38. a4 (38. Rb7 Rf7 39. Rcc7 Rxc7 40. Rxc7 40... Ra3 $17) 38... Kg7
(38... Rf7 39. h4 a5 40. Rbc4 R3f4+ 41. Rxf4 Rxf4+ 42. Kh5 gxh4 43. Rc8+ Kg7
44. Rc4 Rf5+ 45. Kxh4 $17) 39. Rc7+ (39. Rb7+ Rf7 40. Rxf7+ 40... Rxf7 $17)
39... Rf7 (39... Kg6 40. Rc6+ Rf6 41. Rxf6+ Rxf6 42. Rd4 $17) 40. Rxf7+ $17
40... Rxf7 41. h4 a5 42. Re4 Kg6 43. hxg5 hxg5 44. Rd4 Rf6 45. Rc4 Rb6 46. Re4
Rb4 47. Kf3 $2 (47. Rxb4 $142 47... axb4 48. a5 $17) 47... Rxe4 $19 48. Kxe4
Kh5 49. Kf3 Kh4 50. Kg2 Kg4 51. Kh2 Kf3 52. Kg1 Kg3 53. Kh1 (53. Kf1 Kf4 54.
Kf2 $19) 53... Kf3 (53... g4 54. Kg1 Kh3 55. Kf2 $19) 54. Kh2 $4 (54. Kg1 g4
55. Kh2 $19) 54... Ke4 (54... g4 $142 55. Kg1 $19) 55. Kg3 Kd4 56. Kg4 Kc4 57.
Kxg5 Kb4 58. Kf4 Kxa4 59. Ke3 Kb3 60. Kd2 Kb2 (60... Kb2 61. Ke2 61... Kc2 $19)
0-1

[Event "Bad Woerishofen op"]
[Site "Bad Woerishofen"]
[Date "2001.??.??"]
[Round "3"]
[White "Schwabe, Manfred"]
[Black "Schiegg, Peter"]
[Result "0-1"]
[WhiteElo "1675"]
[BlackElo "2049"]
[Annotator "ChessOrg"]
[PlyCount "62"]
[EventDate "1998.03.05"]
[Source "ChessBase"]
[SourceDate "1998.04.29"]

1. Nf3 {A35: Englische Eroeffnung (Symmetrische Variante)} 1... c5 2. c4 Nc6 3.
Nc3 g6 4. d3 Bg7 5. Bd2 d6 6. g3 e5 7. Bg2 Nge7 8. O-O O-O 9. Qc1 9... f5 {
letzter Buchzug} 10. Bg5 Be6 11. Nh4 Qd7 12. Bh3 Rab8 13. Rb1 a6 14. a4 Nd4 15.
b3 b6 16. Bg2 Ndc6 17. Bxe7 Nxe7 18. e4 f4 19. Nf3 h6 20. Ne1 g5 21. f3 h5 22.
Nd5 Nxd5 23. cxd5 Bh3 (23... Bf7 24. Qd2 $17) 24. Rb2 Kh7 25. b4 Bxg2 26. Nxg2
(26. Rxg2 cxb4 27. gxf4 gxf4 28. d4 $17) 26... Qxa4 $19 27. bxc5 bxc5 28. Qb1
$4 (28. Qc3 $19 $142) 28... Qd4+ 29. Rff2 fxg3 30. hxg3 Rxf3 31. Rxb8 (31. Kh2
Rxb2 32. Rxb2 Rxd3 33. Qe1 $19) 31... Qxf2+ (31... Qxf2+ 32. Kh1 Rxg3 33. Nf4
exf4 34. Rh8+ Kg6 35. Rh6+ Bxh6 36. Qf1 Qxf1+ 37. Kh2 Qg2#) 0-1

[Event "Bad Woerishofen op"]
[Site "Bad Woerishofen"]
[Date "2001.??.??"]
[Round "5"]
[White "Schwabe, Manfred"]
[Black "Sponagel, Gunter"]
[Result "1-0"]
[WhiteElo "1675"]
[BlackElo "1500"]
[Annotator "ChessOrg"]
[PlyCount "145"]
[EventDate "1998.03.05"]
[Source "ChessBase"]
[SourceDate "1998.04.29"]

1. Nf3 {D30: Damengambit (ohne Sc3)} 1... e6 2. c4 c6 3. d4 d5 4. e3 dxc4 5.
Bxc4 Nf6 6. O-O Be7 7. Nc3 O-O 8. a3 {letzter Buchzug} 8... a5 9. b3 Nbd7 10.
Bd3 Qc7 11. Bb2 Nb6 12. Rc1 Bd6 (12... Nbd5 13. Ne2 $14) 13. h3 (13. Nb5 $142
13... Qd7 14. Nxd6 Qxd6 15. Qc2 $16) 13... Nbd5 $2 (13... Qe7 14. Ra1 $11) 14.
Na4 $4 (14. Nb5 $142 14... cxb5 15. Rxc7 Nxc7 16. e4 $18) 14... Nb6 15. Nc5 (
15. Nxb6 Qxb6 16. Qc2 16... Rd8 $16) 15... Nbd7 16. Nxd7 Bxd7 17. Qc2 Rfe8 18.
Rfd1 h6 19. e4 Be7 20. Ne5 Nh7 (20... Rad8 21. Nc4 $14) 21. Qd2 (21. d5 Bg5 22.
d6 22... Qd8 $16 (22... Qxd6 $2 23. Bc4 Qc5 24. Nxd7 $18)) 21... Nf8 22. Nc4 (
22. Qe2 f6 23. Nxd7 23... Qxd7 $14) 22... Bg5 $14 23. Ne3 f5 24. e5 Qd8 25. Rc2
Rc8 26. b4 a4 27. Qe1 b5 28. Nf1 Nh7 29. Be2 Rf8 30. Bh5 Be8 31. Qe2 (31. Bf3
31... Bh4 $14) 31... Bf7 (31... Bxh5 32. Qxh5 Qd7 33. Ng3 $14) 32. g3 (32. Bf3
32... Qd7 $16) 32... Qe8 (32... Bxh5 33. Qxh5 f4 34. Rd3 $11) 33. Bxf7+ Rxf7
34. Bc1 Qd7 35. f4 Be7 36. Qg2 g5 37. Rd3 Kh8 38. Kh2 Bd8 39. Be3 Qe8 40. Qd2
Rg7 41. Qe2 g4 42. hxg4 Rxg4 43. Qg2 Rg7 44. Kg1 h5 45. Kf2 h4 46. Ke1 hxg3 47.
Nxg3 Bh4 48. Bf2 Nf8 49. Qh1 Rh7 50. Qf3 Rg7 (50... Ng6 $5 $14) 51. Rdc3 $16
51... Bxg3 52. Bxg3 Rgc7 (52... Qd7 53. Bf2 $18) 53. Rh2+ Rh7 54. Rhc2 (54. Bh4
54... Kg8 $18) 54... Rhc7 55. Bh4 Nh7 (55... Ng6 56. Bf6+ Kg8 57. Qg2 $18) 56.
Rh2 Kg8 57. Qg2+ (57. Bf6 Nxf6 58. exf6 Qf8 59. Qg2+ 59... Kf7 $18) 57... Rg7
58. Rg3 Rcc7 (58... Rxg3 59. Qxg3+ (59. Bxg3 $6 59... Rc7 $16) 59... Kf8 60.
Bf6 $16) 59. Bf6 Rxg3 60. Qxg3+ Kf8 61. Qh4 (61. Rh6 Qc8 62. Rg6 Nxf6 63. exf6
$18 (63. Rxf6+ $6 63... Rf7 $16)) 61... Qd7 $4 (61... Qg6 $5 $14 $142) 62. Bd8
(62. Qh6+ $142 62... Ke8 63. Rg2 $18) 62... Rb7 63. Qh6+ (63. Rg2 $5 63... Ke8
64. Bf6 $18) 63... Ke8 64. Bb6 Rxb6 (64... Nf8 65. Bc5 Qg7 66. Qxg7 Rxg7 67.
Rh8 $18) 65. Qxh7 (65. Rg2 $5 65... Nf8 66. Rg8 $18) 65... Qxh7 $16 66. Rxh7
Kd8 67. Kf2 67... Kc8 $2 (67... Rb8 68. Rg7 $14) 68. Kg3 (68. Re7 $5 $18 $142)
68... Rb7 $14 69. Rxb7 Kxb7 70. Kh4 Kc7 71. Kg5 Kc8 (71... c5 72. dxc5 Kc6 73.
Kf6 $18) 72. Kf6 Kd7 73. Kf7 (73. Kf7 Kd8 74. Kxe6 $18) 1-0

[Event "Bad Woerishofen op"]
[Site "Bad Woerishofen"]
[Date "2001.??.??"]
[Round "7"]
[White "Schwabe, Manfred"]
[Black "von Saldern, Ruediger"]
[Result "0-1"]
[WhiteElo "1675"]
[BlackElo "2148"]
[Annotator "ChessOrg"]
[PlyCount "48"]
[EventDate "1998.03.05"]
[Source "ChessBase"]
[SourceDate "1998.04.29"]

1. Nf3 {D46: Damengambit (Halbslawisch)} 1... d5 2. c4 c6 3. e3 Nd7 4. d4 Ngf6
5. Nc3 e6 6. Be2 Bd6 7. Qc2 O-O 8. O-O dxc4 9. Bxc4 e5 10. dxe5 Nxe5 11. Nxe5 {
letzter Buchzug} 11... Bxe5 12. h3 b6 13. Be2 Be6 14. Bf3 Rc8 15. b3 Nd5 16.
Bb2 Bb8 17. Ne2 Qg5 18. Kh1 Qh6 19. Ng1 g5 20. Qe2 f5 21. g4 (21. Qd3 $5 $11)
21... Rce8 $17 22. Rfd1 $2 (22. Rac1 $17 $142) 22... fxg4 $19 23. Bxg4 (23. Be4
Qh4 24. Rd2 gxh3 25. Qd3 $19) 23... Bxg4 24. Qxg4 Rxf2 (24... Rxf2 25. Nf3 Nxe3
26. Qxg5+ Qxg5 27. Nxg5 27... Rxb2 $19) 0-1

[Event "Bad Woerishofen op"]
[Site "Bad Woerishofen"]
[Date "2001.??.??"]
[Round "9"]
[White "Schwabe, Manfred"]
[Black "Diete, Guenter"]
[Result "1/2-1/2"]
[WhiteElo "1675"]
[BlackElo "1820"]
[Annotator "ChessOrg"]
[PlyCount "78"]
[EventDate "1998.03.05"]
[Source "ChessBase"]
[SourceDate "1998.04.29"]

1. Nf3 {A04: Hollaendisches System ohne Uebergang in andere Systeme} 1... b6 2.
g3 Bb7 3. Bg2 Nf6 4. O-O c5 5. d3 d6 6. e4 6... Nbd7 {letzter Buchzug} 7. Nh4
e6 8. f4 Be7 (8... Rb8 9. c4 $11) 9. Nf3 (9. e5 Bxg2 10. exf6 Bxf1 11. fxe7
Qxe7 12. Qxf1 12... d5 $14) 9... O-O 10. Nc3 Rc8 11. b3 a6 12. a4 Ne8 13. Rb1
d5 14. e5 Nc7 15. Qe2 b5 16. axb5 axb5 17. Bb2 d4 18. Ne4 Nd5 19. Rfc1 Qb6 20.
Kh1 Ra8 21. Ra1 h6 22. c3 dxc3 23. Nxc3 Nxc3 24. Bxc3 Bd5 25. Nd2 Qc6 26. Ne4
Rxa1 (26... Bxb3 $4 27. Nf6+ Nxf6 28. Bxc6 (28. Rxa8 $6 28... Nd5 29. Rxf8+
29... Bxf8 $14) 28... Bd5+ 29. Bxd5 Nxd5 30. Be1 $18) 27. Rxa1 Ra8 (27... Bxb3
$4 28. Nf6+ Nxf6 29. Bxc6 Bd5+ 30. Bxd5 Nxd5 31. Bb2 $18) 28. Rb1 b4 29. Bd2
Ra2 30. Qe1 (30. Qd1 f6 31. exf6 31... Bxf6 $15) 30... Qa6 31. Nf2 Nb6 32. Kg1
Qa8 (32... Bxg2 $5 33. Kxg2 33... Nd5 $15) 33. Be4 f5 34. exf6 Bxf6 35. Be3 Bc3
36. Qd1 Nd7 37. Qf3 Ra1 38. Rxa1 Qxa1+ (38... Bxa1 $143 39. Qh5 $11) 39. Kg2
Qa8 (39... Bxb3 40. Qh5 Bd4 41. Ng4 $17) 1/2-1/2

[Event "Bad Woerishofen op"]
[Site "?"]
[Date "2001.??.??"]
[Round "1"]
[White "Schwalfenberg, Joerg"]
[Black "Tsikerdanos, Kostas"]
[Result "1-0"]
[WhiteElo "2357"]
[BlackElo "2000"]
[Annotator "ChessOrg"]
[PlyCount "55"]
[EventDate "2000.??.??"]

1. d4 {E69: Koenigsindisch (Hauptvariante des g3-Systems mit e2-e4 und h2-h3)}
1... Nf6 2. Nf3 g6 3. c4 Bg7 4. Nc3 O-O 5. g3 d6 6. Bg2 Nbd7 7. O-O c6 8. e4 e5
9. h3 Qa5 10. Re1 Re8 11. Bd2 {letzter Buchzug} 11... exd4 12. Nb5 Qb6 (12...
Qxb5 13. cxb5) 13. Nxd6 Re6 14. e5 14... Nxe5 $2 (14... Ne8 $142 15. Nxf7 15...
Qxb2 $16) 15. Rxe5 $18 15... Rxd6 $2 (15... Rxe5 16. Nxe5 16... Be6 $18) 16. c5
Qd8 17. cxd6 Qxd6 18. Bf4 Qd8 19. Nxd4 Nd5 (19... Bd7 20. Qb3 Bxh3 21. Qxb7
Bxg2 22. Kxg2 $18) 20. Nxc6 (20. Bxd5 cxd5 21. Bg5 21... f6 $18) 20... bxc6 21.
Bxd5 (21. Rxd5 cxd5 22. Qxd5 Qxd5 23. Bxd5 23... g5 $18) 21... cxd5 22. Rxd5
Qe7 23. Rd8+ Bf8 24. Qd6 Kg7 (24... Qxd6 25. Bxd6 Bb7 26. Rxa8 Bxa8 27. Bxf8
27... Kxf8 $18) 25. Rxf8 $1 25... Kxf8 (25... Qxf8 26. Bh6+ $18) 26. Bh6+ Ke8
27. Qc6+ Qd7 (27... Bd7 28. Qxa8+ 28... Qd8 $18) 28. Re1+ (28. Re1+ Kd8 29.
Bg5+ f6 30. Bxf6+ Qe7 31. Bxe7#) 1-0

[Event "Bad Woerishofen op"]
[Site "Bad Woerishofen"]
[Date "2001.??.??"]
[Round "4"]
[White "Schwalfenberg, Joerg"]
[Black "Popitz, Andreas"]
[Result "1-0"]
[WhiteElo "2357"]
[BlackElo "2188"]
[Annotator "ChessOrg"]
[PlyCount "43"]
[EventDate "1998.03.05"]
[Source "ChessBase"]
[SourceDate "1998.04.29"]

1. d4 {D37: Damengambit (5.Lf4)} 1... d5 2. Nf3 Nf6 3. c4 e6 4. Nc3 Be7 5. e3
O-O 6. Qc2 6... a6 {letzter Buchzug} 7. cxd5 exd5 8. Bd3 Nbd7 9. g4 h6 10. Rg1
c5 11. h4 c4 12. Bf5 Nb6 13. g5 hxg5 14. hxg5 Bxf5 15. Qxf5 Qd7 16. Nh4 Ne4 17.
Qxd7 Nxd7 18. Nf5 Bb4 19. Ke2 g6 20. Nxd5 Bd6 21. f3 gxf5 22. fxe4 (22. fxe4
Kg7 23. exf5 $18) 1-0

[Event "Bad Woerishofen op"]
[Site "Bad Woerishofen"]
[Date "2001.??.??"]
[Round "7"]
[White "Schwalfenberg, Joerg"]
[Black "Buchner, Rudolf"]
[Result "1-0"]
[WhiteElo "2357"]
[BlackElo "2200"]
[Annotator "ChessOrg"]
[PlyCount "83"]
[EventDate "1998.03.05"]
[Source "ChessBase"]
[SourceDate "1998.04.29"]

1. Nf3 {D91: Gruenfeld-Verteidigung (5.Lg5)} 1... Nf6 2. d4 g6 3. c4 Bg7 4. Nc3
d5 5. Bg5 Ne4 6. cxd5 Nxg5 7. Nxg5 e6 8. Qd2 h6 9. Nh3 exd5 10. Qe3+ Kf8 11.
Nf4 c5 12. dxc5 d4 13. Qd2 13... Nc6 {letzter Buchzug} 14. Ne4 Be5 15. Nd3 Bc7
16. g3 Qd5 17. f3 Bf5 18. Bg2 Kg7 19. O-O a5 20. Nf4 Qd7 21. Nd6 (21. b3 21...
Rhe8 $14) 21... Bxd6 $11 22. cxd6 Rad8 (22... Rhe8 23. Rfc1 $11) 23. e4 dxe3
24. Qc3+ f6 25. Rad1 Rhe8 26. Rfe1 Qf7 27. a3 (27. Rxe3 Rxe3 28. Qxe3 28...
Qxa2 $11) 27... g5 28. Nd5 e2 (28... Rxd6 $143 29. Nxe3 Rxe3 30. Qxe3 Rxd1 31.
Rxd1 $18) 29. Rd2 29... Bg6 $2 (29... Re6 $142 30. Ne3 30... Bg6 $14) 30. Nc7
$18 30... Re5 (30... Rh8 31. f4 Bf5 32. Bxc6 bxc6 33. Rdxe2 $18) 31. f4 (31.
Rexe2 $6 31... Rxd6 32. Rxe5 Rxd2 33. Ne8+ 33... Kh8 $14) (31. Rdxe2 Rxd6 32.
Rxe5 32... fxe5 $15 (32... Nxe5 $143 33. f4 (33. Qxa5 $2 33... Nc4 34. Ne8+
Qxe8 35. Rxe8 35... Nxa5 $19) 33... Rd3 34. Qxa5 gxf4 35. gxf4 $18)) 31... gxf4
32. gxf4 Re4 33. Bxe4 Bxe4 34. Rexe2 Kh7 35. Re3 (35. Rxe4 $6 35... Qg6+ 36.
Kf1 36... Qxe4 $18) 35... f5 36. Rg3 Rg8 37. d7 Rxg3+ 38. Qxg3 (38. hxg3 $6
38... Qh5 39. Qe3 Qh1+ 40. Kf2 Qg2+ 41. Ke1 Qh1+ 42. Ke2 Qh5+ 43. g4 Qxg4+ 44.
Kf1 44... Bf3 $18) 38... Qc4 (38... Qe7 39. Ne8 Qc5+ 40. Kf1 Qc1+ 41. Ke2 Qc4+
42. Kf2 Qc5+ 43. Qe3 Qxe3+ 44. Kxe3 Nd8 45. Nf6+ Kg6 46. Nxe4 46... fxe4 $18)
39. d8=Q (39. Qc3 $142 39... Qg8+ 40. Kf1 $18) 39... Nxd8 40. Rd7+ (40. Rxd8
Qc1+ 41. Kf2 Qxb2+ 42. Ke1 Qc1+ 43. Rd1 43... Qxc7 $16) 40... Nf7 41. Qc3 Qa2 (
41... Qxc3 42. bxc3 42... Kg6 $18) 42. Ne8 (42. Ne8 Qb1+ 43. Kf2 Qc2+ 44. Qxc2
Bxc2 45. Rxf7+ Kg8 46. Rxb7 $18) (42. Qxa5 $6 42... Qb1+ 43. Kf2 Qh1 44. Rxf7+
Kg8 45. Qa8+ Kxf7 46. Qe8+ Kg7 47. Qe7+ Kg6 48. Qe6+ Kh5 49. Qf7+ Kh4 50. Qf6+
Kh5 51. Qf7+ Kh4 52. Qf6+ Kh5 53. Qf7+ $11) 1-0

[Event "Bad Woerishofen op"]
[Site "Bad Woerishofen"]
[Date "2001.??.??"]
[Round "9"]
[White "Schwalfenberg, Joerg"]
[Black "Seifert, Volker"]
[Result "1/2-1/2"]
[WhiteElo "2357"]
[BlackElo "2175"]
[Annotator "ChessOrg"]
[PlyCount "93"]
[EventDate "1998.03.05"]
[Source "ChessBase"]
[SourceDate "1998.04.29"]

1. Nf3 {A46: Damenbauernspiele} 1... Nf6 2. d4 e6 3. Bg5 h6 4. Bxf6 Qxf6 5. e4
d6 6. Bd3 g6 7. O-O Bg7 8. Nc3 Qe7 9. Re1 {letzter Buchzug} 9... O-O 10. e5
dxe5 11. dxe5 Nc6 12. a3 Rd8 13. Re4 b6 14. Qe2 Bb7 15. Ba6 Bxa6 16. Qxa6 Qe8
17. b4 Rd7 18. g3 Rad8 19. Qc4 Rd5 (19... Ne7 20. Rae1 $15) 20. Rae1 $11 20...
Ne7 21. R4e2 R5d7 22. Nb5 Nd5 (22... c6 $5 23. Nd6 23... Qf8 $11) 23. Nxa7 $14
23... c5 24. Nb5 cxb4 25. axb4 Bf8 26. c3 Rc8 27. Qb3 Rdd8 28. c4 Nxb4 (28...
Bxb4 $2 29. Rb1 $18 (29. cxd5 $6 29... Qxb5 30. dxe6 Rc3 31. exf7+ 31... Kh7
$16)) 29. Nd6 Bxd6 30. exd6 Nc6 31. Qxb6 Rxd6 32. Qe3 Kh7 33. Qf4 Rcd8 34. Rb2
Rd1 35. Rxd1 Rxd1+ 36. Kg2 Qd7 37. Rb6 Nd8 38. Ne5 38... Qd4 $2 (38... Qc7 $5
39. Rb5 39... Kg7 $14) 39. Qxd4 $16 39... Rxd4 40. Rb8 $4 (40. c5 $142 40...
Rd1 41. Rb8 $18) 40... f6 $11 41. Nf3 Rd1 42. Rc8 Kg7 43. Rc7+ Nf7 44. c5 e5
45. c6 Rc1 46. Nd2 (46. g4 $5 $14) 46... f5 $11 47. Kf3 $2 (47. g4 $5 $11 $142)
1/2-1/2

[Event "Bad Woerishofen op"]
[Site "Bad Woerishofen"]
[Date "2001.??.??"]
[Round "2"]
[White "Schwarz, Werner"]
[Black "Fries, Elisabeth"]
[Result "1-0"]
[WhiteElo "1864"]
[BlackElo "1464"]
[Annotator "ChessOrg"]
[PlyCount "31"]
[EventDate "1998.03.05"]
[Source "ChessBase"]
[SourceDate "1998.04.29"]

1. e4 {C31: Falkbeer-Gegengambit} 1... e5 2. f4 d5 3. exd5 Qxd5 4. Nc3 4... Qd8
{letzter Buchzug} 5. fxe5 Bc5 6. Nf3 Bg4 7. Be2 Bxf3 (7... Nc6 8. d3 $16) 8.
Bxf3 (8. gxf3 $4 8... Qh4+ 9. Kf1 Qf2#) 8... c6 9. Ne4 Qb6 (9... Bd4 10. Nd6+
Kf8 11. Qe2 $16 (11. Nxb7 $6 11... Qe7 $14)) 10. c3 Be7 11. d4 Nd7 12. Qe2
O-O-O 13. Be3 Qc7 14. O-O 14... Nf8 $2 (14... f6 $142 15. e6 15... Nb6 $18) 15.
Bg4+ Ne6 (15... Kb8 16. Rxf7 h5 17. Bxh5 Nh6 18. Bxh6 18... Rxh6 $18) 16. Rxf7
(16. Rxf7 Kb8 17. Bxe6 $18) 1-0

[Event "Bad Woerishofen op"]
[Site "Bad Woerishofen"]
[Date "2001.??.??"]
[Round "4"]
[White "Schwarz, Werner"]
[Black "Trifunovic, Dusan"]
[Result "0-1"]
[WhiteElo "1864"]
[BlackElo "2063"]
[Annotator "ChessOrg"]
[PlyCount "24"]
[EventDate "1998.03.05"]
[Source "ChessBase"]
[SourceDate "1998.04.29"]

1. e4 {C34: Koenigsspringer-Gambit} 1... e5 2. f4 exf4 3. Nf3 h6 4. h4 {
letzter Buchzug} 4... Nf6 5. d3 d5 6. exd5 (6. Qe2 $5 $15) 6... Nxd5 $17 7. c4
(7. Qe2+ 7... Qe7 $17) 7... Bb4+ 8. Bd2 (8. Kf2 $5 8... Ne3 9. Bxe3 fxe3+ 10.
Kxe3 $17) 8... Ne3 $19 9. Qe2 O-O 10. d4 $2 (10. Bxb4 Re8 11. Na3 Nxf1 12. Rxf1
Rxe2+ 13. Kxe2 $19) 10... Re8 11. Ne5 Qxd4 12. Nf3 (12. Qd3 Bxd2+ 13. Nxd2
13... Qxe5 $19) 12... Qxb2 (12... Qxb2 13. Bxb4 Nc2+ 14. Kf2 Rxe2+ 15. Bxe2
15... Qxb4 $19) 0-1

[Event "Bad Woerishofen op"]
[Site "Bad Woerishofen"]
[Date "2001.??.??"]
[Round "6"]
[White "Schwarz, Werner"]
[Black "Dobierzin, Olaf"]
[Result "0-1"]
[WhiteElo "1864"]
[BlackElo "2163"]
[Annotator "ChessOrg"]
[PlyCount "46"]
[EventDate "1998.03.05"]
[Source "ChessBase"]
[SourceDate "1998.04.29"]

1. e4 {B34: Sizilianisch (Beschleunigtes Fianchetto)} 1... c5 2. Nf3 Nc6 3. d4
cxd4 4. Nxd4 g6 5. Be3 Bg7 6. Qd2 {letzter Buchzug} 6... Nf6 7. f3 (7. Nc3 7...
Ng4 $11) 7... d5 8. Nxc6 bxc6 9. e5 Nd7 10. f4 O-O 11. c3 e6 12. Kf2 (12. Bd3
$5 $11 $142) 12... f6 $17 13. exf6 Nxf6 14. Bd3 (14. Kg1 14... Qc7 $17) 14...
e5 15. g3 $2 (15. Ke1 exf4 16. Bxf4 16... Bg4 $17) 15... exf4 (15... d4 $5 $142
16. cxd4 exd4 17. Bc4+ 17... Kh8 $19) 16. gxf4 Ng4+ 17. Kg3 $2 (17. Kg2 $142
17... Bh6 18. Rf1 $19) 17... Nxe3 18. Qxe3 d4 (18... Bh6 $19 $142) 19. Bc4+ Kh8
20. Qd3 $2 (20. Qd2 20... Rb8 $19) 20... Bf5 (20... Rxf4 $1 $142 21. Kxf4 Qh4+
22. Kf3 $19) 21. Qf3 Qd6 (21... Be5 22. Kg2 Bxf4 23. h4 $19) 22. Na3 $2 (22.
Rd1 $142 22... g5 23. Kg2 $19) 22... dxc3 23. bxc3 (23. Rad1 Qc5 24. Bb3 24...
cxb2 $19) 23... Qxa3 (23... Qxa3 24. Bb3 24... g5 $19) 0-1